LIBRARY ONLINE CATALOGUE

An analysis of microeconomic determinants on stock market development in Kenya (1990-2014) (Record no. 18800)

MARC details
000 -LEADER
fixed length control field 00434nam a22001217a 4500
008 - FIXED-LENGTH DATA ELEMENTS--GENERAL INFORMATION
fixed length control field 210219b xxu||||| |||| 00| 0 eng d
050 ## - LIBRARY OF CONGRESS CALL NUMBER
Classification number GMB0219
Item number .S26 2015 c.1
100 ## - MAIN ENTRY--PERSONAL NAME
Personal name Sambu, Tobias Kiplagat
245 ## - TITLE STATEMENT
Title An analysis of microeconomic determinants on stock market development in Kenya (1990-2014)
Statement of responsibility, etc. Tobias Kiplagat Sambu
260 ## - PUBLICATION, DISTRIBUTION, ETC. (IMPRINT)
Place of publication, distribution, etc. Kabarak, Nakuru, Kenya
Name of publisher, distributor, etc. Kabarak University
Date of publication, distribution, etc. 2015
300 ## - PHYSICAL DESCRIPTION
Extent 60 leaves
942 ## - ADDED ENTRY ELEMENTS (KOHA)
Source of classification or shelving scheme Library of Congress Classification
Koha item type Thesis, Dissertation and Projecs
Holdings
Withdrawn status Lost status Source of classification or shelving scheme Not for loan Home library Current library Date acquired Total Checkouts Full call number Barcode Date last seen Price effective from Koha item type
    Library of Congress Classification   Kabarak, Main Campus Kabarak, Main Campus 19/02/2021   GMB0219 .S26 2015 c.1 026313 19/02/2021 19/02/2021 Thesis, Dissertation and Projecs
    Library of Congress Classification   Kabarak, Main Campus Kabarak, Main Campus 19/02/2021   GMB0219 .S26 2015 c.2 026348 19/02/2021 19/02/2021 Thesis, Dissertation and Projecs